| 000 | 00514nam a2200181Ia 4500 | ||
|---|---|---|---|
| 001 | 45375 | ||
| 008 | 140428s9999 xx 000 0 und d | ||
| 020 | _a9780749459574 | ||
| 040 | _cPK-LaUMT | ||
| 082 |
_a 658.72 _bO'B-C |
||
| 100 | _aO'Brien, Jonathan | ||
| 245 |
_aCategory management in purchasing _ba strategic apporach to maximize business profitability _cO'Brien, Jonathan |
||
| 260 |
_aLondon,UK: _bKogan Page, _c2010 |
||
| 300 | _a302 p. | ||
| 546 | _aEN | ||
| 650 | _aBusiness logistics | ||
| 942 | _cBK | ||
| 999 |
_c43343 _d43343 |
||